00749nam a22002177a 450000500170000001000410001702000260005803500170008403500130010103700310011403700130014508200100015824501000016826000340026827000580030230000330036049000360039350000510042965000260048065000250050620160614112953.0 a1516EN07 B-599166-179 ENG-115284 a9788126556168c649.00 aB-599166-179 aEN-98816 bAsian Book Center/Venadpl bDBAD/PUB a332.600aInvestments :cby Michael G. McMillan...[et al]bprinciples of portfolio and equity analysis / aNew DelhibWiley India c2015 a4435-36/7,Ansari Road, Darya Ganj,bNew Delhie110002 axxi 620p. :c25cm(pbk)bill. aCFA institute investment series a Includes bibliographical references and index aPortfolio management. aInvestment analysis.